[Event "GRE-ch U16"]
[Site "Achaia"]
[Date "2017.06.29"]
[Round "6"]
[White "Posonidis, Theodoros"]
[Black "Argyropoulos, Theodoros"]
[Result "0-1"]
[WhiteElo "1147"]
[BlackElo "1629"]
[PlyCount "86"]
[EventDate "2017.06.26"]
[EventType "swiss"]
[EventRounds "9"]
[EventCountry "GRE"]
[SourceTitle "CBM 179 Extra"]
[Source "ChessBase"]
[SourceDate "2017.08.23"]
[SourceVersion "1"]
[SourceVersionDate "2017.08.23"]
[SourceQuality "1"]

1. d4 Nf6 2. Nf3 g6 3. c4 Bg7 4. Nc3 0-0 5. e4 d6 6. Be2 e5 7. dxe5 dxe5 8. Qxd8 Rxd8 9. Bg5 Re8 10. Nd5 Nxd5 11. cxd5 c6 12. Bc4 Bd7 13. 0-0 cxd5 14. Bxd5 Bc6 15. Bxc6 Nxc6 16. Nd2 Nd4 17. Rfd1 f6 18. Bh4 Rac8 19. f3 Rc2 20. Rab1 Bh6 21. Nf1 Kf7 22. Bf2 Ne2+ 23. Kh1 a6 24. Ne3 Rc6 25. Nd5 Rec8 26. Re1 Nf4 27. Nxf4 Bxf4 28. Bg1 Ke7 29. Red1 Rc2 30. Rf1 Re2 31. Rf2 Rcc2 32. Rxe2 Rxe2 33. Bc5+ Ke6 34. Ba3 f5 35. exf5+ gxf5 36. Rd1 e4 37. fxe4 fxe4 38. Kg1 e3 39. h3 Bg3 40. Kf1 Rf2+ 41. Kg1 Rd2 42. Rb1 e2 43. Bb4 Rd1+ 0-1